Unheard scream: reproductive health and women's lives in India (Record no. 3786)

MARC details
000 -LEADER
fixed length control field 00386nam a2200145Ia 4500
020 ## - INTERNATIONAL STANDARD BOOK NUMBER
ISBN 81-86706-70-4
082 ## - DEWEY DECIMAL CLASSIFICATION NUMBER
Classification number 305.420954 UNH;
245 #0 - TITLE STATEMENT
Title Unheard scream: reproductive health and women's lives in India
260 ## - PUBLICATION, DISTRIBUTION, ETC. (IMPRINT)
Place of publication New Delhi
Name of publisher Zubaan
Year of publication 2004
300 ## - PHYSICAL DESCRIPTION
Number of Pages 312p.
650 ## - SUBJECT ADDED ENTRY--TOPICAL TERM
Topical Term Women - Health and hygiene
650 ## - SUBJECT ADDED ENTRY--TOPICAL TERM
Topical Term Women - Diseases - India
700 ## - ADDED ENTRY--PERSONAL NAME
Personal name Rao, Mohan
942 ## - ADDED ENTRY ELEMENTS (KOHA)
Koha item type Books
Holdings
Withdrawn status Lost status Damaged status Not for loan Home library Current library Date acquired Source of acquisition Bill Date Full call number Accession Number Price effective from Koha item type
        NASSDOC Library NASSDOC Library 05/11/2004 PATHAK 2004-10-22 305.420954 UNH; 40104 18/04/2019 Books